| 000 | 00769nam a22002297a 4500 | ||
|---|---|---|---|
| 999 |
_c64956 _d64956 |
||
| 005 | 20240530110759.0 | ||
| 008 | 190117s2017 ua h g 000 f|ara d | ||
| 017 |
_a2017/14261 _bمصر. دار الكتب |
||
| 020 | _a9789779113654 | ||
| 040 |
_aEG-CaGPL _cEG-CaGPL |
||
| 082 | 0 | 4 |
_221 _a813.03 / _bى م |
| 100 | 0 | _aيوسف القعيد | |
| 245 | 1 | 0 |
_aمجهول : _bرواية بلا نهاية / _cيوسف القعيد |
| 250 | _aط.1. | ||
| 260 |
_aالقاهرة : _bالهيئة المصرية العامة للكتاب، _c2017. |
||
| 300 |
_a463 ص. ؛ _c24 سم. |
||
| 650 | 0 | 7 |
_2qrmak _aالادب العربى |
| 650 | 0 | 7 |
_2qrmak _aالقصص العربية |
| 651 | _2qrmak | ||
| 942 |
_2ddc _cBK |
||